000 00893cab a2200253 4500
001 X90558
008 090401t1999 xxu||||| |||| 00| 0 eng d
035 _a(Sirsi) u90558
041 _aeng
100 _aParpworth, N.
245 4 _aThe draft EC Landfill Directive
260 _c1999
350 _a0
490 _aJournal of Planning and Environment Law
_vJanuary 1999, 4-26(23)
520 _aConsiders a number of typical questions that arise in connection with the draft directive, namely the EC waste policy, the environmental impact of landfilling and the constitutional basis for the directive. Discusses the detail of the proposal.
650 _aEC WASTE POLICY
650 _aENVIRONMENTAL IMPACT
650 _aDIRECTIVE 99/31/EC
650 _aLANDFILL WASTE
650 _aPROPOSALS
690 _aENVIRONMENTAL AND LAND CONSULTANCY
942 _n0
948 _c07/01/1999
999 _c57422
_d57422